[Event "17. European Women's Championship 2016"]
[Site "Mamaia ROU"]
[Date "2016.05.30"]
[Round "4.21"]
[White "Galunova, Tsveta"]
[Black "Gara, Ticia"]
[Result "0-1"]
[WhiteElo "2149"]
[BlackElo "2352"]
[PlyCount "58"]
[EventDate "2016.05.27"]
[EventType "swiss"]
[EventRounds "11"]
[EventCountry "ROU"]
[Source "lmi"]
[SourceDate "2016.05.26"]

1. e4 c5 2. c3 d5 3. exd5 Qxd5 4. d4 Nf6 5. Nf3 e6 6. Na3 Nc6 7. Be3 cxd4 8.
Nb5 Qd8 9. Nbxd4 Nd5 10. Nxc6 bxc6 11. Bd4 f6 12. Qa4 Bd7 13. Qc2 e5 14. Be3
Nxe3 15. fxe3 Qb6 16. e4 Be6 17. Bd3 Rd8 18. Ke2 g5 19. g3 g4 20. Nh4 Rxd3 21.
Kxd3 Bc4+ 22. Kd2 Bh6+ 23. Kd1 Kf7 24. Nf5 Rd8+ 25. Ke1 Bd2+ 26. Kd1 Bg5+ 27.
Ke1 Rd2 28. Qxd2 Bxd2+ 29. Kxd2 Qxb2+ 0-1

[Event "17. European Women's Championship 2016"]
[Site "Mamaia ROU"]
[Date "2016.05.30"]
[Round "4.22"]
[White "Gara, Anita"]
[Black "Pustovoitova, Daria"]
[Result "1-0"]
[WhiteElo "2345"]
[BlackElo "2304"]
[PlyCount "75"]
[EventDate "2016.05.27"]
[EventType "swiss"]
[EventRounds "11"]
[EventCountry "ROU"]
[Source "lmi"]
[SourceDate "2016.05.26"]

1. e4 c5 2. Nf3 e6 3. d4 cxd4 4. Nxd4 Nc6 5. Nc3 Qc7 6. Be3 a6 7. a3 Nf6 8. f4
d6 9. Qf3 Be7 10. O-O-O O-O 11. Be2 Bd7 12. g4 Nxd4 13. Bxd4 e5 14. fxe5 dxe5
15. Qg3 Bd6 16. Bf2 Rac8 17. Rd2 Bc6 18. Qf3 b5 19. g5 Nd7 20. Rhd1 Be7 21. Qg4
Nc5 22. Kb1 Ne6 23. h4 Qb7 24. Nd5 Ra8 25. Nf6+ Bxf6 26. gxf6 Bxe4 27. fxg7
Rfd8 28. h5 Rxd2 29. Rxd2 f5 30. Qg3 Qxg7 31. Qb3 Qf7 32. Rd6 Rc8 33. Bd3 Nc5
34. Qc3 Bxd3 35. cxd3 Qb3 36. Qc1 b4 37. Bxc5 bxa3 38. Qg5+ 1-0

[Event "17. European Women's Championship 2016"]
[Site "Mamaia ROU"]
[Date "2016.05.30"]
[Round "4.24"]
[White "Osmak, Iulija"]
[Black "Ionescu, Irina"]
[Result "1-0"]
[WhiteElo "2345"]
[BlackElo "2181"]
[PlyCount "39"]
[EventDate "2016.05.27"]
[EventType "swiss"]
[EventRounds "11"]
[EventCountry "ROU"]
[Source "lmi"]
[SourceDate "2016.05.26"]

1. e4 d6 2. d4 Nf6 3. Nc3 g6 4. f4 Bg7 5. Nf3 O-O 6. e5 dxe5 7. fxe5 Nd5 8. Bc4
Nb6 9. Be2 c5 10. dxc5 N6d7 11. e6 fxe6 12. Be3 Qa5 13. O-O Nxc5 14. Ng5 Bf6
15. Qe1 Qb4 16. Rb1 Bxg5 17. Rxf8+ Kxf8 18. Qf2+ Ke8 19. Bxg5 Nc6 20. a3 1-0

[Event "17. European Women's Championship 2016"]
[Site "Mamaia ROU"]
[Date "2016.05.30"]
[Round "4.25"]
[White "Javakhishvili, Lela"]
[Black "Styazhkina, Anna"]
[Result "1-0"]
[WhiteElo "2493"]
[BlackElo "2302"]
[PlyCount "63"]
[EventDate "2016.05.27"]
[EventType "swiss"]
[EventRounds "11"]
[EventCountry "ROU"]
[Source "lmi"]
[SourceDate "2016.05.26"]

1. Nf3 d5 2. e3 Nf6 3. c4 c6 4. Nc3 e6 5. b3 Bd6 6. Bb2 O-O 7. Be2 a6 8. d4
Nbd7 9. O-O Qe7 10. Qc2 dxc4 11. bxc4 e5 12. Bd3 h6 13. a4 Re8 14. Nd2 a5 15.
Nce4 Nxe4 16. Nxe4 Bc7 17. Ba3 Qd8 18. d5 f5 19. d6 Bb8 20. Ng3 e4 21. Be2 Ne5
22. Rfd1 Be6 23. Bb2 Bd7 24. c5 Ba7 25. Bd4 g6 26. Qb3+ Be6 27. Qb2 Nf7 28.
Qxb7 Bd5 29. Rab1 Ba2 30. Qxc6 Rc8 31. Qa6 Bxc5 32. d7 1-0

[Event "17. European Women's Championship 2016"]
[Site "Mamaia ROU"]
[Date "2016.05.30"]
[Round "4.26"]
[White "Batsiashvili, Nino"]
[Black "Galojan, Lilit"]
[Result "1-0"]
[WhiteElo "2476"]
[BlackElo "2296"]
[PlyCount "149"]
[EventDate "2016.05.27"]
[EventType "swiss"]
[EventRounds "11"]
[EventCountry "ROU"]
[Source "lmi"]
[SourceDate "2016.05.26"]

1. d4 Nf6 2. Nf3 e6 3. e3 d5 4. Bd3 c5 5. b3 Bd6 6. O-O O-O 7. Bb2 Nc6 8. c4 b6
9. Nc3 cxd4 10. exd4 dxc4 11. bxc4 Bb7 12. Qe2 Re8 13. Ne4 Nxe4 14. Qxe4 g6 15.
Rfd1 Rc8 16. Rac1 Bf8 17. Qe3 Bg7 18. Bf1 Qc7 19. h4 Ne7 20. h5 Nf5 21. Qe2
Bxf3 22. Qxf3 Red8 23. Qe4 Qd7 24. Rc2 Qc6 25. Qg4 Rd7 26. Rcd2 Rcd8 27. d5
exd5 28. cxd5 Qd6 29. Bxg7 Kxg7 30. g3 Qf6 31. Qf4 Qd6 32. Qf3 Qf6 33. Bh3 Rd6
34. Qf4 Nh6 35. Qa4 Qe5 36. hxg6 hxg6 37. Bg2 R8d7 38. Qc4 Qg5 39. Re2 Ng8 40.
Rde1 Nf6 41. Qd4 Rc7 42. Bf3 Rc1 43. Kg2 Rxe1 44. Rxe1 Kg8 45. Re7 Nd7 46. Re8+
Nf8 47. Qa4 a5 48. Rb8 Qe7 49. Qb5 Qd7 50. Rxb6 Qxb5 51. Rxb5 Ra6 52. Be2 Kg7
53. Kf3 Ra7 54. Bc4 Nd7 55. Ke4 Kf6 56. d6 Ra6 57. Rd5 Rb6 58. g4 Rb4 59. g5+
Kg7 60. Kd3 Rb6 61. Bb5 Nf8 62. d7 Ne6 63. Bc4 Nd8 64. Rxa5 Kf8 65. Rd5 Ke7 66.
Bb5 Ke6 67. Kd4 Ke7 68. a4 Ne6+ 69. Kc4 Rb8 70. a5 Kd8 71. a6 Kc7 72. Rd3 Kb6
73. Kb4 Kc7 74. Rc3+ Kd8 75. a7 1-0

[Event "17. European Women's Championship 2016"]
[Site "Mamaia ROU"]
[Date "2016.05.30"]
[Round "4.27"]
[White "Hojjatova, Aydan"]
[Black "Nechaeva, Marina"]
[Result "0-1"]
[WhiteElo "2300"]
[BlackElo "2416"]
[PlyCount "98"]
[EventDate "2016.05.27"]
[EventType "swiss"]
[EventRounds "11"]
[EventCountry "ROU"]
[Source "lmi"]
[SourceDate "2016.05.26"]

1. e4 c5 2. Nf3 d6 3. Bb5+ Nc6 4. Bxc6+ bxc6 5. O-O e5 6. c3 Nf6 7. Re1 Bg4 8.
h3 Bxf3 9. Qxf3 g6 10. d4 Nd7 11. dxc5 Nxc5 12. Be3 Ne6 13. Na3 Qc7 14. Rad1
Bg7 15. Qe2 O-O 16. Qa6 Rfd8 17. Rd2 Rd7 18. Red1 Rad8 19. c4 Bh6 20. Qa4 Bxe3
21. fxe3 Qb6 22. Re1 Qb7 23. Red1 Qb6 24. Re1 a5 25. Nb1 Qc5 26. Qc2 Rb8 27. a3
Rdb7 28. Qd3 Rxb2 29. Rxb2 Rxb2 30. Qc3 Qb6 31. Nd2 Nc5 32. Kh1 a4 33. Rc1 Qb8
34. Rc2 Rb7 35. Qa5 Kg7 36. Kh2 h5 37. Qc3 h4 38. Rc1 Qd8 39. Rf1 Qg5 40. Rf3
Qd8 41. Rf1 Qb8 42. Qc1 Rb2 43. Qe1 Qd8 44. Qc1 Ra2 45. Qc3 Qg5 46. Qa5 Nxe4
47. Qa7 Nf6 48. Qa5 Qxe3 49. Qd8 Qg5 0-1

[Event "17. European Women's Championship 2016"]
[Site "Mamaia ROU"]
[Date "2016.05.30"]
[Round "4.28"]
[White "Melia, Salome"]
[Black "Belenkaya, Dina"]
[Result "1-0"]
[WhiteElo "2409"]
[BlackElo "2289"]
[PlyCount "139"]
[EventDate "2016.05.27"]
[EventType "swiss"]
[EventRounds "11"]
[EventCountry "ROU"]
[Source "lmi"]
[SourceDate "2016.05.26"]

1. e4 c6 2. d4 d5 3. Nc3 dxe4 4. Nxe4 Bf5 5. Ng3 Bg6 6. h4 h6 7. Nf3 Nd7 8. h5
Bh7 9. Bd3 Bxd3 10. Qxd3 e6 11. Bd2 Ngf6 12. O-O-O Be7 13. Kb1 Rc8 14. Bc1 Qc7
15. Qe2 O-O 16. Ne5 c5 17. Ng6 Rfe8 18. Nxe7+ Rxe7 19. d5 Ree8 20. d6 Qc6 21.
f3 c4 22. Rh4 Nd5 23. Rhd4 Qxd6 24. Ne4 Qc6 25. g4 f6 26. f4 N7b6 27. g5 hxg5
28. fxg5 e5 29. Rxd5 Nxd5 30. gxf6 Nxf6 31. Nd6 Rc7 32. Nxe8 Qxe8 33. h6 Qh5
34. Rd8+ Kh7 35. Qf2 Rd7 36. Rxd7 Nxd7 37. hxg7 Kxg7 38. Qg2+ Kf7 39. Qxb7 Qd1
40. Qxa7 Qd4 41. Qb7 Ke6 42. a4 Qb6 43. Qe4 Qc5 44. Qg6+ Kd5 45. Qg8+ Kd6 46.
Bd2 Qc6 47. a5 Kc7 48. Bc3 Qh1+ 49. Ka2 Qc6 50. Qf7 Kd8 51. Qh7 Kc8 52. Qe7 e4
53. Kb1 Kb7 54. Kc1 Qh6+ 55. Kd1 Qh1+ 56. Kd2 Qg2+ 57. Ke3 Qg1+ 58. Kxe4 Qg6+
59. Kd4 Kc8 60. Qe4 Qd6+ 61. Ke3 Qg3+ 62. Kd2 Qg5+ 63. Kd1 Qg1+ 64. Be1 Qc5 65.
Qe8+ Kc7 66. Bg3+ Kc6 67. Qe6+ Kb5 68. Qxd7+ Kxa5 69. Qc7+ Qxc7 70. Bxc7+ 1-0

[Event "17. European Women's Championship 2016"]
[Site "Mamaia ROU"]
[Date "2016.05.30"]
[Round "4.29"]
[White "Peptan, Corina-Isabela"]
[Black "Rodshtein, Tereza"]
[Result "1/2-1/2"]
[WhiteElo "2402"]
[BlackElo "2263"]
[PlyCount "105"]
[EventDate "2016.05.27"]
[EventType "swiss"]
[EventRounds "11"]
[EventCountry "ROU"]
[Source "lmi"]
[SourceDate "2016.05.26"]

1. d4 d5 2. c4 c6 3. e3 Nf6 4. Nc3 e6 5. Nf3 Nbd7 6. Bd3 dxc4 7. Bxc4 b5 8. Be2
Bb7 9. O-O a6 10. e4 b4 11. e5 bxc3 12. exf6 Nxf6 13. bxc3 Bd6 14. Rb1 Qc7 15.
Qb3 Rb8 16. Ba3 O-O 17. Bxd6 Qxd6 18. Qc4 Ne4 19. Bd3 Nf6 20. Ne5 Nd5 21. Rb3
f6 22. Nf3 Ba8 23. Re1 Rb5 24. Nd2 f5 25. Bf1 c5 26. Rxb5 axb5 27. Qxb5 Nxc3
28. Qb3 cxd4 29. Rxe6 Qd5 30. Rd6 Qxb3 31. axb3 Bd5 32. Bc4 Bxc4 33. bxc4 Ra8
34. g3 Ra2 35. Nf3 Ne4 36. Rxd4 Nxf2 37. Rd2 Rxd2 38. Nxd2 Nd3 39. Kg2 Kf7 40.
Kf3 Ke6 41. Ke3 Ne5 42. Kd4 g5 43. h3 h5 44. Nb3 Ng6 45. Nc5+ Kd6 46. Nd3 h4
47. gxh4 Nxh4 48. c5+ Kc7 49. Ne5 g4 50. hxg4 fxg4 51. Nxg4 Nf5+ 52. Kc4 Nd6+
53. cxd6+ 1/2-1/2

[Event "17. European Women's Championship 2016"]
[Site "Mamaia ROU"]
[Date "2016.05.30"]
[Round "4.30"]
[White "Daulyte, Deimante"]
[Black "Mamedjarova, Turkan"]
[Result "1-0"]
[WhiteElo "2392"]
[BlackElo "2257"]
[PlyCount "75"]
[EventDate "2016.05.27"]
[EventType "swiss"]
[EventRounds "11"]
[EventCountry "ROU"]
[Source "lmi"]
[SourceDate "2016.05.26"]

1. e4 e5 2. Nf3 Nc6 3. d4 exd4 4. Nxd4 Bc5 5. Nb3 Bb6 6. Nc3 d6 7. Qe2 Be6 8.
Be3 Nf6 9. O-O-O Bxe3+ 10. Qxe3 O-O 11. f3 a5 12. Bb5 Qe7 13. g4 Na7 14. Be2
Nc6 15. Nd4 Nxd4 16. Qxd4 Rfd8 17. g5 Ne8 18. Qe3 c6 19. f4 b5 20. Rhf1 a4 21.
f5 Bc4 22. Bxc4 bxc4 23. a3 Rdb8 24. Rd4 Qa7 25. Nd1 Qc5 26. Qd2 Nc7 27. Rxd6
Nb5 28. Rd7 Nxa3 29. g6 c3 30. gxf7+ Kf8 31. Qxc3 Qxc3 32. Nxc3 Nc4 33. f6 g6
34. Rd4 Nxb2 35. e5 a3 36. e6 a2 37. Nxa2 c5 38. Rd8+ 1-0

[Event "17. European Women's Championship 2016"]
[Site "Mamaia ROU"]
[Date "2016.05.30"]
[Round "4.31"]
[White "Buksa, Nataliya"]
[Black "Kazimova, Narmin"]
[Result "0-1"]
[WhiteElo "2288"]
[BlackElo "2364"]
[PlyCount "106"]
[EventDate "2016.05.27"]
[EventType "swiss"]
[EventRounds "11"]
[EventCountry "ROU"]
[Source "lmi"]
[SourceDate "2016.05.26"]

1. e4 e5 2. Nf3 Nc6 3. Bb5 a6 4. Ba4 d6 5. O-O Nf6 6. Re1 Bd7 7. c3 g6 8. d4 b5
9. Bb3 Bg7 10. Bg5 h6 11. Bh4 O-O 12. Nbd2 Re8 13. dxe5 dxe5 14. Bd5 Qe7 15. a4
Qd6 16. Bxf6 Qxf6 17. Qe2 Rab8 18. axb5 axb5 19. Nb3 Qe7 20. Qe3 Nd8 21. Ra7
Ne6 22. Na5 Qd6 23. Nb7 Qf8 24. Bxe6 Bxe6 25. Nc5 Qd6 26. Rea1 Bg4 27. b4 Bf8
28. h3 Bc8 29. Nd2 Rb6 30. Ndb3 Qd8 31. Qe2 Bd6 32. Nd2 Qe7 33. Nd3 Be6 34.
R1a5 Qg5 35. Nf3 Qf6 36. Qe3 Kg7 37. Nc5 Bc8 38. Qe2 Rf8 39. Nd2 Qg5 40. Nf3
Qc1+ 41. Qe1 Qf4 42. Qd2 Qf6 43. Qe2 Rd8 44. Ra8 Bxc5 45. bxc5 Rb7 46. R5a6 c6
47. R6a7 Rxa7 48. Rxa7 Be6 49. Ne1 Qg5 50. Qe3 Rd1 51. f4 exf4 52. Qe2 Qxc5+
53. Kh2 Rxe1 0-1

[Event "17. European Women's Championship 2016"]
[Site "Mamaia ROU"]
[Date "2016.05.30"]
[Round "4.32"]
[White "Sandu, Mihaela"]
[Black "Mammadova, Gulnar"]
[Result "1/2-1/2"]
[WhiteElo "2246"]
[BlackElo "2319"]
[PlyCount "92"]
[EventDate "2016.05.27"]
[EventType "swiss"]
[EventRounds "11"]
[EventCountry "ROU"]
[Source "lmi"]
[SourceDate "2016.05.26"]

1. e4 g6 2. d4 Bg7 3. Nf3 c6 4. Nc3 d6 5. Be2 Nf6 6. O-O O-O 7. h3 Nbd7 8. e5
Nd5 9. Nxd5 cxd5 10. exd6 exd6 11. c3 h6 12. Ne1 Nf6 13. Bf3 b6 14. Nc2 Bf5 15.
Ne3 Be4 16. Be2 Qc8 17. f3 Bf5 18. Nxf5 Qxf5 19. Bd3 Qd7 20. a4 Ne8 21. Bb5 Qb7
22. Re1 a6 23. Bd3 Nc7 24. Bf4 Qc6 25. Qd2 h5 26. g4 hxg4 27. hxg4 Rfe8 28. Bc2
Ne6 29. Be3 b5 30. axb5 axb5 31. Bb3 b4 32. cxb4 Qb5 33. Kf2 Rxa1 34. Rxa1 Rb8
35. Rc1 Re8 36. Kg3 f5 37. gxf5 gxf5 38. Rg1 f4+ 39. Bxf4 Nxd4 40. Bd1 Ne2+ 41.
Bxe2 Rxe2 42. Qd1 Rxb2 43. Qf1 Qxb4 44. Qh3 Qb7 45. Bxd6 Re2 46. Qg4 Qf7
1/2-1/2

[Event "17. European Women's Championship 2016"]
[Site "Mamaia ROU"]
[Date "2016.05.30"]
[Round "4.33"]
[White "Hoolt, Sarah"]
[Black "Manakova, Maria"]
[Result "1-0"]
[WhiteElo "2312"]
[BlackElo "2254"]
[PlyCount "85"]
[EventDate "2016.05.27"]
[EventType "swiss"]
[EventRounds "11"]
[EventCountry "ROU"]
[Source "lmi"]
[SourceDate "2016.05.26"]

1. e4 e6 2. d4 d5 3. e5 c5 4. c3 Nc6 5. Nf3 Bd7 6. a3 Rc8 7. b4 cxd4 8. cxd4
Nge7 9. Nbd2 Nf5 10. Nb3 Be7 11. Bd3 O-O 12. g4 Nh4 13. Nxh4 Bxh4 14. g5 Bxg5
15. Qh5 h6 16. Rg1 f5 17. Bxg5 hxg5 18. Rxg5 Nxd4 19. Nxd4 Qc7 20. Ne2 Qxe5 21.
Rb1 Ba4 22. f4 Qf6 23. Rg6 Qe7 24. Kd2 Be8 25. Qg5 Qf7 26. Rh6 d4 27. Rg1 g6
28. Qh4 Qg7 29. Rg3 Qf6 30. Qxf6 Rxf6 31. Rgh3 Kf8 32. Nxd4 Bf7 33. Nf3 Ke7 34.
Ne5 b6 35. Rh7 a5 36. b5 Rf8 37. Bc4 Rd8+ 38. Rd3 Rxd3+ 39. Kxd3 Ke8 40. Rxf7
Rxf7 41. Nxf7 Kxf7 42. Kd4 Kf6 43. h4 1-0

[Event "17. European Women's Championship 2016"]
[Site "Mamaia ROU"]
[Date "2016.05.30"]
[Round "4.34"]
[White "Dragomirescu, Angela"]
[Black "Mirzoeva, Elmira"]
[Result "1/2-1/2"]
[WhiteElo "2215"]
[BlackElo "2344"]
[PlyCount "74"]
[EventDate "2016.05.27"]
[EventType "swiss"]
[EventRounds "11"]
[EventCountry "ROU"]
[Source "lmi"]
[SourceDate "2016.05.26"]

1. d4 Nf6 2. Bg5 d6 3. Nc3 Nbd7 4. e4 e5 5. Nf3 Be7 6. Bc4 O-O 7. O-O c6 8. a4
h6 9. Be3 a5 10. Ba2 Ng4 11. Bc1 exd4 12. Nxd4 Nc5 13. f3 Nf6 14. Be3 Re8 15.
Qd2 Bf8 16. Rad1 Qc7 17. Kh1 Bd7 18. Rfe1 Rad8 19. Qf2 Bc8 20. Qg3 Kh7 21. Qh4
Be7 22. Qf2 Kg8 23. Qg3 Kf8 24. Nf5 Bxf5 25. exf5 Qb6 26. Bd4 d5 27. Qf2 Bd6
28. Qh4 Ng8 29. f6 g5 30. Qf2 Qb4 31. Bxd5 Rxe1+ 32. Rxe1 cxd5 33. Nxd5 Qc4 34.
Nb6 Qb4 35. Nd5 Qc4 36. Nb6 Qb4 37. Nd5 Qc4 1/2-1/2

[Event "17. European Women's Championship 2016"]
[Site "Mamaia ROU"]
[Date "2016.05.30"]
[Round "4.35"]
[White "Kiolbasa, Oliwia"]
[Black "Hapala, Elisabeth"]
[Result "1-0"]
[WhiteElo "2319"]
[BlackElo "2227"]
[PlyCount "55"]
[EventDate "2016.05.27"]
[EventType "swiss"]
[EventRounds "11"]
[EventCountry "ROU"]
[Source "lmi"]
[SourceDate "2016.05.26"]

1. e4 c5 2. Nf3 e6 3. d4 cxd4 4. Nxd4 Nc6 5. Nc3 Qc7 6. Be2 a6 7. O-O Nf6 8.
Be3 Be7 9. Kh1 O-O 10. f4 d6 11. Qe1 Nxd4 12. Bxd4 b5 13. a3 Bb7 14. Qg3 Rad8
15. Rae1 Rd7 16. Bd3 g6 17. Qh3 Re8 18. f5 e5 19. fxg6 hxg6 20. Be3 d5 21. exd5
Nxd5 22. Rxf7 Kxf7 23. Qh7+ Ke6 24. Qxg6+ Bf6 25. Qxe8+ Ne7 26. Be2 Bxg2+ 27.
Kxg2 Qc6+ 28. Kg1 1-0

[Event "17. European Women's Championship 2016"]
[Site "Mamaia ROU"]
[Date "2016.05.30"]
[Round "4.36"]
[White "Stetsko, Lanita"]
[Black "Gvetadze, Sofio"]
[Result "1-0"]
[WhiteElo "2220"]
[BlackElo "2311"]
[PlyCount "85"]
[EventDate "2016.05.27"]
[EventType "swiss"]
[EventRounds "11"]
[EventCountry "ROU"]
[Source "lmi"]
[SourceDate "2016.05.26"]

1. e4 c5 2. Nf3 Nc6 3. d4 cxd4 4. Nxd4 g6 5. Nc3 Bg7 6. Be3 Nf6 7. Bc4 Na5 8.
Be2 O-O 9. O-O d5 10. exd5 Nxd5 11. Nxd5 Qxd5 12. Nb3 Qxd1 13. Rfxd1 Nxb3 14.
axb3 Bxb2 15. Rxa7 Rxa7 16. Bxa7 Bf5 17. g4 Be4 18. f3 Bc6 19. Bd4 Bxd4+ 20.
Rxd4 e5 21. Rd6 Ra8 22. b4 e4 23. b5 exf3 24. Bd3 Be8 25. Kf2 Kf8 26. Rb6 Ra7
27. Be4 Bd7 28. Kxf3 Bc8 29. c4 Ke7 30. g5 Ra3+ 31. Kf4 Rh3 32. Bxb7 Rh4+ 33.
Ke5 Rxc4 34. Rc6 Rxc6 35. bxc6 Bh3 36. c7 h6 37. gxh6 f6+ 38. Kd5 Kf8 39. Kd6
Bf5 40. Bd5 Bc8 41. Be6 Bb7 42. Kc5 f5 43. Kb6 1-0

[Event "17. European Women's Championship 2016"]
[Site "Mamaia ROU"]
[Date "2016.05.30"]
[Round "4.37"]
[White "Rudolf, Anna"]
[Black "Abdulla, Khayala"]
[Result "0-1"]
[WhiteElo "2301"]
[BlackElo "2209"]
[PlyCount "157"]
[EventDate "2016.05.27"]
[EventType "swiss"]
[EventRounds "11"]
[EventCountry "ROU"]
[Source "lmi"]
[SourceDate "2016.05.26"]

1. d4 Nf6 2. Nf3 e6 3. c4 b6 4. g3 Ba6 5. b3 Bb4+ 6. Bd2 Be7 7. Bg2 c6 8. Bc3
d5 9. Ne5 Nfd7 10. Nxd7 Nxd7 11. Nd2 O-O 12. O-O f5 13. Qc2 Rc8 14. a4 Bf6 15.
Qb2 Qe7 16. b4 Bxc4 17. Nxc4 dxc4 18. e4 fxe4 19. Rfe1 c5 20. dxc5 bxc5 21. b5
Bd4 22. Bxd4 cxd4 23. Qxd4 Nc5 24. Qe3 Qf6 25. Ra2 Nd3 26. Rb1 c3 27. Bxe4 c2
28. Bxd3 cxb1=Q+ 29. Bxb1 g6 30. Be4 Rf7 31. Bc6 Rd8 32. Kg2 Qf5 33. a5 Rd6 34.
Qe4 Qxe4+ 35. Bxe4 Rd4 36. Bc6 Rb4 37. Rd2 Kg7 38. f3 Kf6 39. Re2 Rb3 40. h4
Rc7 41. a6 Rb4 42. Kf2 h6 43. Kg2 g5 44. h5 e5 45. g4 Ke6 46. Rd2 Rd4 47. Rb2
Rd6 48. b6 Rcxc6 49. b7 Rb6 50. b8=Q Rxb8 51. Rxb8 Rxa6 52. Rb5 Ra4 53. Kf2 e4
54. fxe4 Rxe4 55. Kf3 Rf4+ 56. Kg3 Ra4 57. Rc5 Ra3+ 58. Kf2 a5 59. Rb5 a4 60.
Ra5 Ra1 61. Kg2 a3 62. Ra6+ Ke5 63. Rxh6 Kf4 64. Ra6 Kxg4 65. h6 Ra2+ 66. Kg1
Kg3 67. Kf1 Ra1+ 68. Ke2 a2 69. h7 Rh1 70. Rxa2 Rxh7 71. Ra3+ Kg2 72. Ra4 Re7+
73. Kd1 Kf3 74. Ra3+ Re3 75. Ra5 g4 76. Kd2 Re8 77. Rf5+ Kg2 78. Kd3 g3 79. Kd2
0-1

[Event "17. European Women's Championship 2016"]
[Site "Mamaia ROU"]
[Date "2016.05.30"]
[Round "4.38"]
[White "Fataliyeva, Ulviyya"]
[Black "Pavlidou, Ekaterini"]
[Result "1-0"]
[WhiteElo "2301"]
[BlackElo "2209"]
[PlyCount "97"]
[EventDate "2016.05.27"]
[EventType "swiss"]
[EventRounds "11"]
[EventCountry "ROU"]
[Source "lmi"]
[SourceDate "2016.05.26"]

1. e4 e5 2. Nf3 Nc6 3. Nc3 g6 4. d4 exd4 5. Nxd4 Bg7 6. Be3 Nge7 7. Bc4 d6 8.
f4 O-O 9. O-O Na5 10. Be2 f5 11. exf5 gxf5 12. Nf3 h6 13. Bd4 Be6 14. Bxg7 Kxg7
15. b4 Nac6 16. b5 Na5 17. Nd4 Bg8 18. Bd3 c5 19. bxc6 Qb6 20. Nce2 bxc6 21.
Rb1 Qc5 22. Kh1 Rf6 23. Qe1 Re8 24. Ng3 Kf8 25. Nb5 Nc4 26. Nc7 Rc8 27. Rb7
Rxc7 28. Rxc7 Ne3 29. Rxe7 Kxe7 30. Rf3 Re6 31. Rxe3 Rxe3 32. Qxe3+ Qxe3 33.
Nxf5+ Kd7 34. Nxe3 Bxa2 35. Kg1 d5 36. c3 a5 37. Bc2 c5 38. Kf2 Kd6 39. Nf5+
Kc6 40. Ba4+ Kb6 41. g4 d4 42. cxd4 c4 43. Ke3 Bb3 44. Bxb3 cxb3 45. Kd3 Kb5
46. Kc3 Ka4 47. Ne3 Ka3 48. Nc4+ Ka2 49. Nb2 1-0

[Event "17. European Women's Championship 2016"]
[Site "Mamaia ROU"]
[Date "2016.05.30"]
[Round "4.39"]
[White "Isgandarova, Khayala"]
[Black "Sedina, Elena"]
[Result "1/2-1/2"]
[WhiteElo "2193"]
[BlackElo "2287"]
[PlyCount "120"]
[EventDate "2016.05.27"]
[EventType "swiss"]
[EventRounds "11"]
[EventCountry "ROU"]
[Source "lmi"]
[SourceDate "2016.05.26"]

1. e4 c5 2. Nf3 e6 3. d4 cxd4 4. Nxd4 Nc6 5. Nb5 d6 6. c4 Nf6 7. N1c3 a6 8. Na3
Be7 9. Be2 O-O 10. O-O b6 11. Be3 Bb7 12. Qb3 Nd7 13. Rfd1 Nc5 14. Qc2 Bf6 15.
f3 Be5 16. f4 Bxc3 17. bxc3 Qc7 18. Nb1 Ne7 19. Nd2 f5 20. Bf3 Rae8 21. Rab1 e5
22. fxe5 dxe5 23. Kh1 Bc6 24. Bxc5 bxc5 25. exf5 Nxf5 26. Bxc6 Qxc6 27. Qe4 Qh6
28. Kg1 Rd8 29. Nf3 Rxd1+ 30. Rxd1 Qe3+ 31. Qxe3 Nxe3 32. Re1 Nxc4 33. Nxe5 Re8
34. Nd3 Rxe1+ 35. Nxe1 Ne3 36. Nd3 c4 37. Nb2 Kf7 38. Kf2 Nd5 39. Nxc4 Nxc3 40.
a3 Ke6 41. Ke3 Kd5 42. Kd3 Nd1 43. Nb6+ Kc5 44. Nd7+ Kd5 45. Nb6+ Kc6 46. Nc8
Kd7 47. Nb6+ Kc6 48. Nc8 Kc5 49. Ne7 Nf2+ 50. Ke2 Ng4 51. h4 g6 52. Kf3 Nf6 53.
Kf4 Kd6 54. Nxg6 hxg6 55. Kg5 Nd5 56. g3 Ne7 57. Kf6 Kd7 58. g4 Ke8 59. h5 gxh5
60. gxh5 a5 1/2-1/2

[Event "17. European Women's Championship 2016"]
[Site "Mamaia ROU"]
[Date "2016.05.30"]
[Round "4.40"]
[White "Tsatsalashvili, Keti"]
[Black "Zherebtsova, Alexandra"]
[Result "0-1"]
[WhiteElo "2278"]
[BlackElo "2200"]
[PlyCount "134"]
[EventDate "2016.05.27"]
[EventType "swiss"]
[EventRounds "11"]
[EventCountry "ROU"]
[Source "lmi"]
[SourceDate "2016.05.26"]

1. d4 d5 2. Nf3 Nf6 3. g3 g6 4. Bg2 Bg7 5. c4 c6 6. Nbd2 O-O 7. O-O Bf5 8. Nh4
Be6 9. c5 b6 10. b4 a5 11. cxb6 axb4 12. b7 Ra7 13. Nb3 Ne4 14. Be3 Rxb7 15.
Qc2 Rb5 16. Rfd1 Nd6 17. Nc5 Bc8 18. a4 bxa3 19. Rxa3 Nd7 20. Ra8 Nb6 21. Ra7
Nbc4 22. Bg5 Re8 23. Ra8 h6 24. Bc1 Ra5 25. Rxa5 Qxa5 26. e4 Bg4 27. f3 Bc8 28.
Kh1 Nb5 29. Nb3 Qc3 30. Qa2 g5 31. Nf5 Bxf5 32. exf5 Nxd4 33. Nxd4 Bxd4 34. Qa4
Rc8 35. Qa6 Nd6 36. Ba3 Bc5 37. Bxc5 Qxc5 38. Re1 Re8 39. Qd3 Qc4 40. Qb1 Qb5
41. Qa1 Nxf5 42. f4 e6 43. fxg5 hxg5 44. Qf6 Qd3 45. Qxg5+ Ng7 46. Qe5 c5 47.
Rf1 c4 48. h4 Qg6 49. Rf6 Qh5 50. Qc7 Rf8 51. Bf3 Qh7 52. Rf4 Qb1+ 53. Kh2 Qb2+
54. Bg2 Qe2 55. Kh3 Qe1 56. Rg4 Qe3 57. Qe7 Qh6 58. Qd6 f5 59. Rg5 Qf6 60. Qf4
c3 61. h5 c2 62. Rg6 Qb2 63. Bxd5 c1=Q 64. Bxe6+ Rf7 65. Qf3 Qbb1 66. Bxf7+ Kh7
67. Rxg7+ Kxg7 0-1

[Event "17. European Women's Championship 2016"]
[Site "Mamaia ROU"]
[Date "2016.05.30"]
[Round "4.41"]
[White "Doluhanova, Evgeniya"]
[Black "Nikoladze, Sopio"]
[Result "1-0"]
[WhiteElo "2262"]
[BlackElo "2155"]
[PlyCount "89"]
[EventDate "2016.05.27"]
[EventType "swiss"]
[EventRounds "11"]
[EventCountry "ROU"]
[Source "lmi"]
[SourceDate "2016.05.26"]

1. e4 d6 2. d4 g6 3. Nc3 Bg7 4. Be3 Nd7 5. Qd2 a6 6. f3 b5 7. h4 h6 8. Nh3 Bb7
9. Ne2 c6 10. Ng3 e6 11. Nf2 Ne7 12. a4 Qc7 13. axb5 axb5 14. Rxa8+ Bxa8 15.
Bd3 e5 16. c3 d5 17. Ne2 f5 18. exf5 Nxf5 19. h5 Kd8 20. hxg6 Nxe3 21. Qxe3 Re8
22. Qd2 exd4 23. cxd4 Bxd4 24. O-O Be3 25. Qc3 Ne5 26. Bf5 Qa7 27. f4 b4 28.
Qxb4 Bc5 29. Qc3 Nxg6 30. Qf6+ Kc7 31. Bd3 Ne7 32. b4 Bb6 33. Qe5+ Kd7 34. f5
Qa3 35. Qe6+ Kd8 36. Qd6+ Kc8 37. Qe6+ Kd8 38. Qd6+ Kc8 39. f6 Qxd3 40. f7 Rd8
41. Qxd8+ Kxd8 42. f8=Q+ Kd7 43. Nf4 Qa3 44. Nh5 Nc8 45. Qf7+ 1-0

[Event "17. European Women's Championship 2016"]
[Site "Mamaia ROU"]
[Date "2016.05.30"]
[Round "4.42"]
[White "Raeva, Elitsa"]
[Black "Makropoulou, Marina"]
[Result "1/2-1/2"]
[WhiteElo "2254"]
[BlackElo "2143"]
[PlyCount "72"]
[EventDate "2016.05.27"]
[EventType "swiss"]
[EventRounds "11"]
[EventCountry "ROU"]
[Source "lmi"]
[SourceDate "2016.05.26"]

1. c4 c5 2. Nc3 Nc6 3. g3 g6 4. Bg2 Bg7 5. Nf3 d6 6. O-O e5 7. d3 Nge7 8. Rb1
O-O 9. a3 a5 10. Ne1 Rb8 11. Nc2 Be6 12. Ne3 h6 13. Ned5 Kh7 14. Bd2 f5 15. f4
Bf7 16. Kh1 Nxd5 17. Nxd5 b6 18. e3 Ne7 19. b4 axb4 20. Nxe7 Qxe7 21. axb4 e4
22. dxe4 Bxc4 23. exf5 gxf5 24. Rf2 Bd3 25. Rb3 Be4 26. Bc3 Bxc3 27. Rxc3 cxb4
28. Rb3 d5 29. Qd4 Rfc8 30. Bxe4 Qxe4+ 31. Qxe4 dxe4 32. Rxb4 Rc3 33. Re2 b5
34. Kg2 Kg6 35. Kf2 Kf6 36. Reb2 Rc5 1/2-1/2